000 00846nas a2200301 4500
001 BR0701420
003 BR-BrBNA
005 20231205110643.0
007 ta
008 230509b bl.|||p| |||| 00| 00por d
040 _aBR-BrBNA
_bpor
_cBiblioteca Nacional de Agricultura
041 _a(Pt)
072 _aQ05
100 1 _aErnandes, F.M.P.G.
100 1 _aGarcia-Cruz, C.H.
245 1 _aLevana Bacteriana: aspectos tecnológicos, características e produção
650 _aPOLISSACARÍDEO
650 _aFERMENTAÇÃO
650 _aBACTÉRIA
650 _aESPESSANTE
650 _aESTABILIZANTE
650 _aPH
650 _aTEMPERATURA
650 _aSACAROSE
773 0 _tSemina (Brazil)
_xISSN 1676-546X
_g(Jan-Mar 2005), v. 26(1) p. 71-82
_wBR0701420
909 _a202311
_bLúcia
_c55
_dLúcia Elande
942 _2AGRIS
_n0
_cANA
999 _c188386
_d188386